Songs from the First Line(s) - 1969 - Statistics

General Stats
  • This quiz has been taken 109 times
  • The average score is 18 of 30
Answer Stats
Hint Answer % Correct
Songs I see the bad moon a-rising / I see trouble on the way / I see earthquakes and lightning / I see bad times today Song Bad Moon Rising
83%
Songs Ground Control to Major Tom / Take your protein pills and put your helmet on / (Ten) / Ground Control / (Nine) / To Major Tom Artist(s) David Bowie
83%
Songs Sugar, ah honey honey / You are my candy girl / And you've got me wanting you / Honey, ah sugar sugar / You are my candy girl Song Sugar, Sugar
83%
Songs Left a good job in the city / Workin' for the man ev'ry night and day / And I never lost one minute of sleepin' Artist(s) Creedence Clearwater Revival
81%
Songs I see the bad moon a-rising / I see trouble on the way / I see earthquakes and lightning / I see bad times today Artist(s) Creedence Clearwater Revival
81%
Songs Ground Control to Major Tom / Take your protein pills and put your helmet on / (Ten) / Ground Control / (Nine) / To Major Tom Song Space Oddity
78%
Songs Here come old flat-top, he come groovin' up slowly / He got ju-ju eyeball, he one holy roller / He got hair down to his knee Artist(s) The Beatles
77%
Songs And now, the end is near / And so I face the final curtain / My friend, I'll say it clear / I'll state my case, of which I'm certain Artist(s) Frank Sinatra
74%
Songs And now, the end is near / And so I face the final curtain / My friend, I'll say it clear / I'll state my case, of which I'm certain Song My Way
73%
Songs Left a good job in the city / Workin' for the man ev'ry night and day / And I never lost one minute of sleepin' Song Proud Mary
73%
Songs Sugar, ah honey honey / You are my candy girl / And you've got me wanting you / Honey, ah sugar sugar / You are my candy girl Artist(s) The Archies
70%
Songs As the snow flies / On a cold and gray Chicago mornin' / A poor little baby child is born / In the ghetto / And his mama cries Artist(s) Elvis Presley
69%
Songs Here come old flat-top, he come groovin' up slowly / He got ju-ju eyeball, he one holy roller / He got hair down to his knee Song Come Together
67%
Songs When I die and they lay me to rest / Gonna go to the place that's the best / When I lay me down to die Song Spirit In The Sky
65%
Songs Raindrops are falling on my head / And just like the guy whose feet are too big for his bed / Nothing seems to fit Song Raindrops Keep Fallin' On My Head
63%
Songs As the snow flies / On a cold and gray Chicago mornin' / A poor little baby child is born / In the ghetto / And his mama cries Song In The Ghetto
60%
Songs Lay, lady, lay, lay across my big brass bed / Lay, lady, lay, lay across my big brass bed Song Lay Lady Lay
60%
Songs Where it began / I can't begin to knowin' / But then I know it's growin' strong / Was in the spring / And spring became the summer Artist(s) Neil Diamond
57%
Songs Lay, lady, lay, lay across my big brass bed / Lay, lady, lay, lay across my big brass bed Artist(s) Bob Dylan
56%
Songs Where it began / I can't begin to knowin' / But then I know it's growin' strong / Was in the spring / And spring became the summer Song Sweet Caroline
56%
Songs When I die and they lay me to rest / Gonna go to the place that's the best / When I lay me down to die Artist(s) Norman Greenbaum
53%
Songs I met a gin soaked, bar-room queen in Memphis / She tried to take me upstairs for a ride / She had to heave me right across her shoulder Artist(s) The Rolling Stones
51%
Songs When the moon is in the Seventh House / And Jupiter aligns with Mars / Then peace will guide the planets Song Aquarius / Let The Sunshine In
46%
Songs When the moon is in the Seventh House / And Jupiter aligns with Mars / Then peace will guide the planets Artist(s) The 5th Dimension
40%
Songs Raindrops are falling on my head / And just like the guy whose feet are too big for his bed / Nothing seems to fit Artist(s) B.J. Thomas
37%
Songs Uh-huh huh huh huh / Let me tell ya now / Uh-huh / When I had you to myself, I didn't want you around Song I Want You Back
36%
Songs Uh-huh huh huh huh / Let me tell ya now / Uh-huh / When I had you to myself, I didn't want you around Artist(s) Jackson 5
36%
Songs I met a gin soaked, bar-room queen in Memphis / She tried to take me upstairs for a ride / She had to heave me right across her shoulder Song Honky Tonk Women
35%
Songs Hold it, everybody / Hold it, hold it, listen / I can turn the gray sky blue / I can make it rain whenever I want it to Artist(s) The Temptations
19%
Songs Hold it, everybody / Hold it, hold it, listen / I can turn the gray sky blue / I can make it rain whenever I want it to Song I Can't Get Next To You
16%
No matching quizzes found
Score Distribution
Percent of People with Each Score
Percentile by Number Answered
Your Score History
You have not taken this quiz